00301nam a2200097Ia 4500008004100000100001500041245003000056260001800086999001700104952008200121170817s9999 xx 000 0 und d aMishra.L.N 0aDictionary Of Mathematics bA. P. H. PUB. c38524d38524 00102ddc4070a07b07d2017-08-24l0p07-B-9589r2017-08-24w2017-08-24y01